|
|
|
|
| LEADER |
00945nam a2200289 a 4500 |
| 001 |
000466003 |
| 003 |
CZ BrMZK |
| 005 |
20000105143423.0 |
| 007 |
ta |
| 008 |
970811s1967 xr f cze d |
| 040 |
|
|
|a BOA001
|b cze
|
| 080 |
|
|
|a 616.8(075.8)
|2 MRF
|
| 100 |
1 |
|
|a Popek, Karel,
|d 1899-1971
|7 jk01100572
|4 aut
|
| 245 |
1 |
0 |
|a Obecná neurologie :
|b Určeno pro posl. lék. fak. /
|c Autor [kol.]
|
| 250 |
|
|
|a 2. vyd.
|
| 260 |
|
|
|a Praha :
|b SPN,
|c 1967
|
| 300 |
|
|
|a 196 s. ;
|c 4°
|
| 490 |
1 |
|
|a Učební texty vysokých škol
|
| 500 |
|
|
|a Vyd. Univ. J.E. Purkyně v Brně
|
| 500 |
|
|
|a 600 výt.
|
| 500 |
|
|
|a S obr. v textu
|
| 710 |
2 |
|
|a Univerzita J.E. Purkyně v Brně
|7 kn20010709352
|
| 830 |
|
0 |
|a Učební texty vysokých škol
|
| 910 |
|
|
|a BOA001
|b 4-0577.612
|
| 964 |
|
|
|a Neurologie obecná - učebnice vysokoškol.
|
| 990 |
|
|
|a BK
|
| 996 |
6 |
|
|b 2619754189
|c 4-0577.612
|l MZK
|r Sklad / do 1 hodiny
|n 1
|w 000466003
|u 000010
|a 1
|e BOA001
|j MZK50
|s P
|